Špecifiká riadenia malých stavebných podnikov na Slovensku

Na minha lista:
Detalhes bibliográficos
Autor principal: Mihalčová, Bohuslava, 1963-
Outros Autores: Čarnický, Štefan
Formato: Capítulo de Livro
Idioma:eslovaco
Tags: Adicionar Tag
Sem tags, seja o primeiro a adicionar uma tag!

MARC

LEADER 00000naa$a2200000$$$4500
001 0103521
005 20240502083247.0
041 0 |a slo 
044 |a CZ 
245 1 0 |a Špecifiká riadenia malých stavebných podnikov na Slovensku  |c Bohuslava Mihalčová, Štefan Čarnický 
100 1 |a Mihalčová, Bohuslava, 1963- 
700 1 |a Čarnický, Štefan